| 000 | 03001nam a2200349 a 4500 | ||
|---|---|---|---|
| 001 | ebr10363711 | ||
| 003 | CaPaEBR | ||
| 006 | m u | ||
| 007 | cr cn||||||||| | ||
| 008 | 071119s2008 ne a sb 001 0 eng | ||
| 010 | _z 2007047581 | ||
| 020 | _z9789004163966 (hardback : alk. paper) | ||
| 040 |
_aCaPaEBR _cCaPaEBR |
||
| 035 | _a(OCoLC)313019574 | ||
| 043 | _ae------ | ||
| 050 | 1 | 4 |
_aBF1040 _b.S67 2008eb |
| 082 | 0 | 4 |
_a133.909 _222 |
| 245 | 0 | 0 |
_aSpirits unseen _h[electronic resource] : _bthe representation of subtle bodies in early modern European culture / _cedited by Christine Gottler and Wolfgang Neuber. |
| 260 |
_aLeiden ; _aBoston : _bBrill, _c2008. |
||
| 300 |
_axxvii, 365 p. : _bill. |
||
| 490 | 0 |
_aIntersections, _x1568-1181 ; _vv. 9 |
|
| 504 | _aIncludes bibliographical references and index. | ||
| 505 | 0 | _aVapours and veils : the edge of the unseen / Christine Gottler -- Poltergeist the prequel : aspects of other worldly disturbances in early modern times / Wolfgang Neuber -- Fire, smoke and vapour, Jan Brueghel's "poetic hell' : ghespoock in early modern European art / Christine Gottler -- Moveable feasts of reason : description, intelligence, and the excitation of sight / Bret Rothstein -- Images in the air : optical games, magic, and imagination / Sven Dupre -- Material gazes and flying images in Marsilio Ficino and Michelangelo / Berthold Hub -- Spirits of love: Castiglione and Neo-Platonic discourses of vision / Wietse de Boer -- Painting's enchanting poison : artistic eficacy and the transfer of spirits / Thijs Weststeijn -- "Singe the enchantment for sleepe" : music and bewitched sleep in early modern English drama / Sarah F. Williams -- Bilder des Unsichtbaren : Robert Fludd's Konzeption des Weltgeistes / Wilhelm Schmidt-Biggemann -- Sympathy in Eden : on paradise with the fall of man by Rubens and Brueghel / Paul J. Smith -- Dizzying visions : St. Teresa of Jesus and the embodied visual image / Rose Marie San Juan -- Spirit as intermediary in post-Cartesian natural philosophy / Justin E.H. Smith -- The motions of laughter : allegory and physiology in Walter Charleton's Natural history of the passions (1674) / Dawn Morgan -- Ghosts in the machine : the apparition of Mrs. Veal, Rowe's friendship in death, and the early eighteenth-century invisible world / Jennifer Frangos -- Die Geburt des Kunstwerks durch den Geist der Proportion : Franz Xavier Messerschmidt und seine Charakterkopfe / Axel Christoph Gampp. | |
| 533 |
_aElectronic reproduction. _bPalo Alto, Calif. : _cebrary, _d2013. _nAvailable via World Wide Web. _nAccess may be limited to ebrary affiliated libraries. |
||
| 650 | 0 |
_aSpirits _xHistory. |
|
| 651 | 0 |
_aEurope _xCivilization. |
|
| 655 | 7 |
_aElectronic books. _2local |
|
| 700 | 1 | _aG�ottler, Christine. | |
| 700 | 1 | _aNeuber, Wolfgang. | |
| 710 | 2 | _aebrary, Inc. | |
| 856 | 4 | 0 |
_uhttp://site.ebrary.com/lib/rucke/Doc?id=10363711 _zAn electronic book accessible through the World Wide Web; click to view |
| 999 |
_c110999 _d110999 |
||